000 00872nam a2200265 i 4500
003 DO-SdBNP
005 20231011143101.0
006 a||||gr|||| 00| 0
008 231009t2017 sp ||||| |||| 00| p spa d
020 _a9788449333927
040 _aDO-SdBNP
_bspa
_cBNPHU
_erda
082 4 _bK641d
_222
100 _aKlein, Naomi
_eautor
_984459
245 1 3 _aDecir no no basta :
_bcontra las nuevas políticas del shock por el mundo que queremos /
_cNaomi Klein ; traducción de Ignacio Villaro y Ana
264 4 _aMadrid :
_bPaídos ,
_c2017
300 _a312 páginas ;
_c24 cm.
336 _2rdacontent
_atexto
_btxt
337 _2rdamedia
_asin mediación
_bn
338 _2rdacarrier
_avolumen
_bnc
590 _aInventariado 2023 / DG
700 _aVillaro, Ignacio
_etraductor
_984460
700 _aPedrero, Ana
_etraductor
_984461
910 _aDG
942 _2ddc
_cLBS1
999 _c55153
_d55153